Zdaňovanie pracovných príjmov vo vybraných krajinách EÚ z pohľadu zamestnávateľov a zamestnancov bakalárska práca

Na minha lista:
Detalhes bibliográficos
Autor principal: Kochová, Kristína
Autor Corporativo: Fakulta podnikového manažmentu EU. Katedra podnikových financií
Outros Autores: Ďurinová, Ivona, 1964-
Formato: Livro
Idioma:eslovaco
Publicado em: Bratislava 2022
Tags: Adicionar Tag
Sem tags, seja o primeiro a adicionar uma tag!

MARC

LEADER 00000nbm a2200000 4500
001 0285615
005 20230324082444.2
041 0 |a slo 
044 |a SK 
245 1 0 |a Zdaňovanie pracovných príjmov vo vybraných krajinách EÚ z pohľadu zamestnávateľov a zamestnancov  |b bakalárska práca  |c Kristína Kochová ; školiteľ: Ivona Ďurinová 
264 1 |a Bratislava  |c 2022 
300 |a 93 s. 
100 1 |a Kochová, Kristína 
700 1 |a Ďurinová, Ivona, 1964- 
710 2 |a Fakulta podnikového manažmentu EU. Katedra podnikových financií